000
00214nam a22000857a 4500
001
1243780
005
20251017115211.0
245
_a
LİTTLE RED RİDİNG HOOD
_c
ZEYNEP TAŞDEMİR
260
_b
BİNBİR ÇİÇEK YAYINLARI
999
_c
1243780
_d
1243780